000 00675nam a2200193Ia 4500
008 090123s9999 xx 000 0 und d
082 _b40309
100 _aखांबेटे सतिश
245 _aपत्रकारीता एक आव्हान
250 _a1
260 _bआमोद प्रकाशन
_c2006
300 _a168
600 _aखांबेटे सतिश
630 _aपत्रकारीता एक आव्हान
700 _aठाकुर योगेंद्र
700 _aखांबेटे सतिश
730 _aपत्रकारीता एक आव्हान
942 _cBOOK
999 _c78382
_d78382